| 000 | 01284nam a2200229Ia 4500 | ||
|---|---|---|---|
| 001 | L371-25015 | ||
| 003 | IT-CnALBA | ||
| 008 | 170116s9999||||xx |||||||||||||| ||und|| | ||
| 040 |
_aIT-CnALBA _cIT-CnALBA |
||
| 041 | _aITALIANO | ||
| 100 | _aANCEL ALFRED, VESCOVO. | ||
| 245 | 0 | _aAZIONE ED EDUCAZIONE. - AZIONE DEL LAICO NEL MONDO E NELLA CHIESA. - L'EDUCAZIONE CRISTIANA. - DUE CONFERENZE. | |
| 250 | _a1a ed. | ||
| 260 |
_aCINISELLO BALSAMO (MI) _bEDIZIONI PAOLINE _c1970 [1° Ed.: n.d.] |
||
| 300 | _a136 p. (prefazione: 5) | ||
| 500 | _aTRADUZIONE DAL FRANCESE DI INES ANDREINI ROSSI. PIANO DI DIO. ATTIVITÀ TERRENE. CITTÀ TERRENA. LAVORO E BENE COMUNE. AUTONOMIA E OBBEDIENZA. GERARCHIA E APOSTOLATO LAICO. AZIONE CATTOLICA. EDUCAZIONE UMANA E CRISTIANA. STATO, CHIESA E FAMIGLIA. SCUOLA CAT | ||
| 501 | _aSocietà San Paolo EM - Piazza San Paolo, 14 - 12051 ALBA (CN) (non commercial uses only) ® Copyright 2017 | ||
| 520 | _aTRADUZIONE DAL FRANCESE DI INES ANDREINI ROSSI. PIANO DI DIO. ATTIVITÀ TERRENE. CITTÀ TERRENA. LAVORO E BENE COMUNE. AUTONOMIA E OBBEDIENZA. GERARCHIA E APOSTOLATO LAICO. AZIONE CATTOLICA. EDUCAZIONE UMANA E CRISTIANA. STATO, CHIESA E FAMIGLIA. SCUOLA CAT | ||
| 650 | _aISTRUZIONE - EDUCAZIONE | ||
| 942 | _cBK | ||
| 957 | _71 | ||
| 999 |
_a29792 _bNO _g Copie: 1 _c284119 _d284119 |
||